Szczegóły MARC21

Nerwowość dzieci i młodzieży /

003 -Nazwa inst., której nr kontr. jest w polu 001 [,]
    • @
    • Nazwa instytucji, której n kontrolny jest w polu 001
    • NUKAT
005 -DATA I CZAS OSTATNIEJ MODYFIKACJI [,]
    • @
    • pole kontrolne
    • 20241231110726.0
040 -Instytucja sporządzająca opis [ , ]
    • a
    • Instytucja, która sporządziła opis (NP)
    • KR U/WS
    • b
    • Język katalogowania
    • pol
    • e
    • Zasady katalogowania
    • rda
    • c
    • Instytucja, która sporządziła rekord (NP)
    • KR U/WS
    • d
    • Instytucja, która zmodyfikowała rekord (P)
    • KR U/AM
    • d
    • Instytucja, która zmodyfikowała rekord (P)
    • KR 295/MAGs
    • d
    • Instytucja, która zmodyfikowała rekord (P)
    • KR U/42GZ
    • d
    • Instytucja, która zmodyfikowała rekord (P)
    • KR U/42MSs U/30AWEs
942 -Rodzaj dokumentu [ , ]
    • c
    • Rodzaj dokumentu
    • Książka
100 -Hasło główne - nazwa osobowa [1, ]
    • a
    • Nazwa osobowa (NP)
    • Dąbrowski, Kazimierz
    • d
    • Daty biograficzne (NP)
    • (1902-1980).
    • e
    • Rodzaj współpracy
    • Autor
    • 9
    • KHW
    • 17550
245 -Strefa tytułu i oznaczenia odpowiedzialności [1,0]
    • a
    • Tytuł
    • Nerwowość dzieci i młodzieży / Find
    • c
    • Pozostałe elementy strefy tytułu i oznaczenia odpowiedzialności (NP)
    • Kazimierz Dąbrowski.
260 -Strefa adresu wydawniczego [ , ]
    • a
    • Miejsce wydania (P)
    • Warszawa :
    • b
    • Nazwa wydawcy (P)
    • "Nasza Księgarnia" :
    • b
    • Nazwa wydawcy (P)
    • Związek Nauczycielstwa Polskiego,
    • c
    • Data wydania (P)
    • 1935.
300 -Strefa opisu fizycznego [ , ]
    • a
    • Określenie formy książki i/lub objętość (NP)
    • 339 stron ;
    • c
    • Format (NP)
    • 21 cm.
336 -Typ zawartości [ , ]
    • a
    • Termin opisujący typ zawartości
    • Tekst
    • b
    • Kod określający zawartość
    • txt
    • 2
    • Źródło (terminu i kodu)
    • rdacontent
337 -Typ mediów [ , ]
    • a
    • Tryb odtwarzania
    • Bez urządzenia pośredniczącego
    • b
    • Kod typu mediów
    • n
    • 2
    • Źródło (terminu i kodu)
    • rdamedia
338 -Typ/rodzaj nośnika [ , ]
    • a
    • Hasło opisujące typ nośnika
    • Wolumin
    • b
    • Kod typu nośnika
    • nc
    • 2
    • Źródło (terminu i kodu)
    • rdacarrier
490 -Strefa serii i książki wielotomowej - forma nie do wyszukiwania [1, ]
    • a
    • Tytuł (P)
    • Bibljoteka Dzieł Pedagogicznych ; Find
    • v
    • Numeracja (P)
    • r. 9 nr. 48 i 49
830 -Hasło dodatkowe serii i opisu książki wielotomowej - tytuł ujednolicony/tytuł [ ,0]
    • a
    • Tytuł ujednolicony/tytuł (NP)
    • Biblioteka Dzieł Pedagogicznych
    • v
    • Oznaczenie tomu (NP)
    • nr 48 i 49
    • 9
    • KHW
    • 17617
080 -Uniwersalna Klasyfikacja Dziesiętna [ , ]
    • a
    • Symbol klasyfikacji
    • 159.922.7
    • 9
    • UKD
    • 2421
    • 2
    • Identyfikator wydania tablic
    • UDC-P058
    • b
    • Dopowiedzenie
    • Psychologia dziecka.
080 -Uniwersalna Klasyfikacja Dziesiętna [ , ]
    • a
    • Symbol klasyfikacji
    • :616.891
650 -Hasło przedmiotowe [ ,7]
    • a
    • Hasło przedmiotowe
    • Dzieci nadpobudliwe.
    • 2
    • Źródło terminu
    • kaba
    • 9
    • KHW
    • 106927
650 -Hasło przedmiotowe [ ,7]
    • a
    • Hasło przedmiotowe
    • Dzieci nadpobudliwe
    • x
    • Określnik rzeczowy
    • rehabilitacja.
    • 2
    • Źródło terminu
    • kaba
    • 9
    • KHW
    • 388761
650 -Hasło przedmiotowe [ ,7]
    • a
    • Hasło przedmiotowe
    • Nerwice u dzieci.
    • 2
    • Źródło terminu
    • kaba
    • 9
    • KHW
    • 121037
650 -Hasło przedmiotowe [ ,7]
    • a
    • Hasło przedmiotowe
    • Emocje u dzieci.
    • 2
    • Źródło terminu
    • kaba
    • 9
    • KHW
    • 107681
980 -Symbol UKD [ , ]
    • a
    • UKD
    • 159.922.7:616.891
710 -Hasło dodatkowe - nazwa ciała zbiorowego [2, ]
    • a
    • Nazwa ciała zbiorowego lub nazwa geograficzna jako pierwszy element (NP)
    • "Nasza Księgarnia".
    • e
    • Rodzaj współpracy
    • Wydawca
    • 4
    • Kod relacji
    • pbl
    • 9
    • KHW
    • 56421
Sygnatura Numer inwentarzowy Status udost. Lokalizacja Data inwentaryzacji
 Pd.109431BG1998-05-13
Z.15479Z.154791BG1998-05-08